Towards Understanding Islam (Record no. 210452)

MARC details
000 -LEADER
fixed length control field 00629nam a22001817a 4500
005 - DATE AND TIME OF LATEST TRANSACTION
control field 20250324123436.0
010 ## - LCCN (DPL NO)
LC control number ENG-140145
020 ## - INTERNATIONAL STANDARD BOOK NUMBER
Terms of availability 325.00
International Standard Book Number 9789386537683
035 ## - SYSTEM CONTROL NUMBER
System control number EN-123677
037 ## - SOURCE OF ACQUISITION
Source of stock number/acquisition DBAD
082 ## - DEWEY DECIMAL CLASSIFICATION NUMBER
Classification number 332.68
100 ## - MAIN ENTRY--PERSONAL NAME
Personal name Maudodi Abul A'la
245 ## - TITLE STATEMENT
Title Towards Understanding Islam
Statement of responsibility, etc Abul A'la Maududi
260 ## - PUBLICATION, DISTRIBUTION, ETC. (IMPRINT)
Place of publication, distribution, etc New Delhi
Name of publisher, distributor, etc Markazi Maktaba Islami Publishers
Date of publication, distribution, etc 2014
270 ## - ADDRESS
City new Delhi
Address D- 307, Dawat nagar ,Abul Fazal Enclave ,jamia nagar ,okla ,new Delhi
Postal code 110025
Telephone number +11- 26971652
Electronic mail address mmipublisher@gmail.com
300 ## - PHYSICAL DESCRIPTION
Extent 144p.
Dimensions 21cm(pbk)
942 ## - ADDED ENTRY ELEMENTS (KOHA)
Source of classification or shelving scheme Dewey Decimal Classification
Item type English Books
Classification part 270
Call number suffix MAU
Edition 1
Holdings
Withdrawn status Lost status Not for loan Collection code Home library Current library Date acquired Source of acquisition Cost, normal purchase price Full call number Barcode Copy number Cost, replacement price Koha item type
      Non-fiction Patel Nagar Patel Nagar 24/03/2025 DBAD 65.00 270 MAU EN-127730 1 65.00 English Books

© Delhi Public Library
Hit Counter
free hit counter